Odvětví HR vstoupilo do digitálního věku
Ako sa zmenil svet Human Resources za desať rokov od finančnej krízy v roku 2008. Spoločnosť Stanton Chase zaoberajúca sa vyhľadávaním manažérov na najvyššie funkcie (tzv. Executive Search) 2018 k tomuto výročiu vykonala rozsiahly celosvetový výzkum medzi pracovníkmi v oblasti ľudských zdrojov.
Saved in:
| Format: | Book Chapter |
|---|---|
| Language: | Czech |
| Subjects: | |
| Tags: |
No Tags, Be the first to tag this record!
|
MARC
| LEADER | 00000naa a2200000 4500 | ||
|---|---|---|---|
| 001 | 0250016 | ||
| 005 | 20221104111609.8 | ||
| 041 | 0 | |a cze | |
| 044 | |a CZ | ||
| 245 | 1 | 0 | |a Odvětví HR vstoupilo do digitálního věku |
| 520 | |a Ako sa zmenil svet Human Resources za desať rokov od finančnej krízy v roku 2008. Spoločnosť Stanton Chase zaoberajúca sa vyhľadávaním manažérov na najvyššie funkcie (tzv. Executive Search) 2018 k tomuto výročiu vykonala rozsiahly celosvetový výzkum medzi pracovníkmi v oblasti ľudských zdrojov. | ||
| 610 | 2 | 0 | |a zdroje ľudské |
| 610 | 2 | 0 | |a prieskum |
| 610 | 2 | 0 | |a digitalizácia |
| 610 | 2 | 0 | |a automatizácia |
| 610 | 2 | 0 | |a manažment |
| 610 | 2 | 0 | |a riadenie ľudských zdrojov |
| 610 | 2 | 0 | |a firmy |